Vitamine - Statistics

Statistiche generali
  • Questo quiz è stato fatto 28 volte
  • Il punteggio medio è 10 su 13
Statistiche sulle risposte
Solubilità Malattia da mancanza Vitamina % Corretto
Grasso Scorbuto Vitamina C
100%
Grasso Rachitismo e osteomalacia Vitamina D
100%
Grasso La mancanza è estremamente rara; sterilità nei maschi e aborti nelle donne, media anemia emolitica nei neonati. Vitamina E
100%
Grasso Cecità notturna, ipercheratosi, e cheratomalacia Vitamina A
96%
Grasso Diatesi emorragica Vitamina K
79%
Acqua Beriberi, Sindrome di Wernicke-Korsakoff Vitamina B1
75%
Acqua Ariboflavinosi, glossite, cheilite angolare Vitamina B2
75%
Acqua Anemia megaloblastica[ Vitamina B12
67%
Acqua Pellagra Vitamina B3
67%
Acqua Anemia megaloblastica e la carenza durante la gravidanza è associata a difetti nel nascituro, come difetti al tubo neurale Vitamina B9
67%
Acqua Parestesia Vitamina B5
63%
Acqua Anemia neuropatia periferica. Vitamina B6
63%
Acqua Dermatite, enterite Vitamina B7
58%
Nessun quiz corrispondente trovato
Distribuzione punteggi
Percentuale di utenti per punteggio
Percentile per numero di risposta
I tuoi punteggi nel tempo
Non hai fatto questo quiz